Diffusion in partially fissured media and implicit evolution systems /

Spremljeno u:
Bibliografski detalji
Glavni autor: Rulla, J.
Daljnji autori: Showalter, R. E.
Format: Članak
Jezik:English
Teme:
Oznake: Dodaj oznaku
Bez oznaka, Budi prvi tko označuje ovaj zapis!
Thư viện lưu trữ: Thư viện Trường Đại học Đà Lạt
LEADER 00883nam a2200289 4500
001 DLU090093090
005 ##20091201
040 # # |a DLU  |b eng 
041 # # |a eng 
044 # # |a jp 
100 # # |a Rulla, J.  
245 # # |a Diffusion in partially fissured media and implicit evolution systems /  |c J. Rulla, R. E. Showalter. 
653 # # |a Cauchy problem 
653 # # |a Degenerate evolution equations 
653 # # |a Doubly nonlinear  
653 # # |a Nunziotos equation 
700 # # |a Showalter, R. E.  
773 # # |t Advances in Mathematical Sciences and Applications  |g Vol. 5, no. 1 (1995), p. 163-191 
920 # # |a Phòng Tạp chí -- Trung tâm Thông tin - Thư viện Trường Đại học Đà Lạt 
994 # # |a DLU 
900 # # |a True 
911 # # |a Trương Bảo Trâm Anh 
925 # # |a G 
926 # # |a A 
927 # # |a BB 
980 # # |a Thư viện Trường Đại học Đà Lạt